=LDR 00000nam 2200000 4500 =001 INLIS000000000006629 =005 20220623101027 =035 ##$$a 0010-0622000490 =245 1#$$a Batik Indonesia Diakui UNESCO Sebagai Warisan Budaya Takbenda /$c DJONI TARINGAN =100 1#$$a TARINGAN , Djoni =250 ##$$a Edisi xxix, Juni =300 ##$$a 69 halaman : $b Gambar ; $c 21x27.5 cm =856 ##$$a OPAC (Rak 1.7) =260 ##$:$b Direktorat Jenderal Industri Kecil dan Menengah,$c 2010 =082 ##$$a 050.05 =084 ##$$a 050.05 TAR b =650 #4$$a Terbitan Berkala Umum =650 #4$$a Majalah 2011 =500 ##$$a Batik Mark jaminan mutu, 2 Oktober hari batik nasional, batik berarti menulis & nitikbatik sebagai simbol budaya, BBKB menjaga warisan budaya tak benda Indonesia. =990 ##$$a 244/MJ-11